Tài liệu hỏi đáp nghị quyết hội nghị lần thứ bảy ban chấp hành Trung ương Đảng cộng sản Việt Nam khóa XI : Dùng cho đoàn viên, hội viên các đoàn thể chính trị - xã hội và tuyền truyền rộng rãi trong nhân dân

Đã lưu trong:
Bibliografiske detaljer
Format: Sách
Sprog:Undetermined
Udgivet:  Chính trị Quốc gia - Sự thật  2013
Fag:
Tags: Tilføj Tag
Ingen Tags, Vær først til at tagge denne postø!
Thư viện lưu trữ: Trung tâm Thư viện - Trường Đại học Công nghiệp TP. Hồ Chí Minh
LEADER 00744nam a2200133Ia 4500
001 UIH_02890
008 231011s9999 xx 000 0 und d
082 |a  324.2597075 
245 0 |a  Tài liệu hỏi đáp nghị quyết hội nghị lần thứ bảy ban chấp hành Trung ương Đảng cộng sản Việt Nam khóa XI : Dùng cho đoàn viên, hội viên các đoàn thể chính trị - xã hội và tuyền truyền rộng rãi trong nhân dân 
260 |b  Chính trị Quốc gia - Sự thật 
260 |c  2013 
650 |a  Đảng Cộng sản Việt Nam;  
927 |a Sách 
980 |a Trung tâm Thư viện - Trường Đại học Công nghiệp TP. Hồ Chí Minh